000 00779nam a22002657a 4500
005 20230705015930.0
007 ta
008 230705b |||||||| |||| 00| 0 sp d
040 _aCUNOROC
_bspa
_cCUNOROC
_dCUNOROC
041 _aspa
_gspa
_hspa
082 _aCG 150 M671 C1
100 1 0 _aMira y López, Emilio.
_eAutor
_95467
245 1 0 _aManual de psicología general./
_cEmilio Mira y López
260 _aArgentina:
_bKapeluz, S.A.
_cc1969.
300 _a299 p.:
_c25 cm.
650 _aPsicología
_9209
650 _aMétodos psicológicos
_95468
650 _aAprendizaje
_92525
650 _aDinámica del aprendizaje
_95469
650 _aRealidad
_93677
650 _aPensamiento
_92149
650 _aInteligencia
_94836
942 _cBK
_2ddc
_n0
999 _c1878
_d1878